000 00619nam a2200229Ia 4500
003 OSt
005 20221007075322.0
006 a|||||r|||| 00| 0
007 ta
008 221006b |||||||| |||| 00| 0 eng d
024 _a11,222
037 _cTextual
040 _aFLL
_cFLL
_beng
041 _2eng
_aeng
082 _aT4:3oaZ, M3
100 _aTikkha R.N. Au.
_9693778
245 0 _aLibrary and development oriented education
260 _aNew Delhi
_bHarman pub. India
_c1983
300 _axvi,159p
_ccm.
942 _hT4:3oaZ, M3
_cTEXL
_2CC
999 _c1155605
_d1155605